| 000 | 00988pam a2200265 a 4500 | ||
|---|---|---|---|
| 999 |
_c330193 _d330193 |
||
| 001 | 671589 | ||
| 003 | NUST | ||
| 005 | 20170613115658.0 | ||
| 008 | 950711s1996 txua b 001 0 eng | ||
| 010 | _a 95022908 | ||
| 020 | _z0884159722 (alk. paper) | ||
| 040 |
_aDLC _cDLC _dDLC |
||
| 050 | 0 | 0 |
_aQH545.W3 _bS38 1996 |
| 082 | 0 | 0 |
_a574.5263 SCH _220 |
| 100 | 1 |
_aSchmitz, Richard J. _92538 |
|
| 245 | 1 | 0 |
_aIntroduction to water pollution biology / _cRichard J. Schmitz. |
| 246 | 3 | 0 | _aWater pollution biology |
| 260 |
_aHouston, TX : _bGulf Pub., _cc1996. |
||
| 300 |
_axiv, 320 p. : _bill. ; _c24 cm. |
||
| 500 | _aH.B | ||
| 504 | _aIncludes bibliographical references and indexes. | ||
| 650 | 0 |
_aWater _xPollution. _92539 |
|
| 650 | 0 |
_aAquatic ecology. _92540 |
|
| 906 |
_a7 _bcbc _corignew _d1 _eocip _f19 _gy-gencatlg |
||
| 942 |
_2ddc _cBK _kIESE |
||